000 00578nam a2200217Ia 4500
999 _c2490
_d2490
003 0100
008 130227s9999 xx 000 0 und d
040 _cARRUPELIB
050 _aHF387.5.A35W36 2008
100 _aGichure, Christine Wanjiru
_946180
245 _aEthics for Africa today
_ban introduction to business ethics
_cChristine wanjiru Gichure
260 _aNairobi
_bPaulines Publications Africa
_c2008
300 _a248p . ;
_c22cm.
650 _bBusiness ethics
_912111
942 _2lcc
_cMONOGRAPH